| 000 | 01436nam0a2200361 4500 | ||
|---|---|---|---|
| 001 | RU\NLR\BIBL_A\010866433 | ||
| 005 | 20260408153203.0 | ||
| 010 |
_a978-5-9270-0298-6 _9400 |
||
| 021 |
_aRU _b2015-73009 _94388 |
||
| 035 | _a(NLR Aleph) 010866433 | ||
| 035 | _a(NILC)RuMoRGB-008024740 | ||
| 090 |
_a10446751 _c10446751 |
||
| 100 | _a20151022d2015 u y0rusy50 ca | ||
| 101 | 0 | _arus | |
| 102 | _aRU | ||
| 105 | _ay|||z|||000 | ||
| 200 | 1 |
_aПсихологическая сепарация _eподходы, проблемы, механизмы _fН. Е. Харламенкова, Е. В. Кумыкова, А. К. Рубченко _gРоссийская акад. наук, Ин-т психологии |
|
| 210 |
_aМосква _cИн-т психологии РАН _d2015 |
||
| 215 |
_a366 с. _cил. _d23 |
||
| 320 | _aБиблиогр.: с. 319-366 | ||
| 606 |
_aОтчуждение (социол.) _3RU\NLR\AUTH\6635883 _9953217 |
||
| 675 | _a159.9 | ||
| 686 | 1 | _aС550.354 | |
| 700 | 1 |
_aХарламенкова _bН. Е. _f1957- _gНаталья Евгеньевна _9139053 _3RU\NLR\AUTH\770139088 |
|
| 701 | 1 |
_aКумыкова _bЕ. В. _gЕлена Валентиновна |
|
| 701 | 1 |
_aРубченко _bА. К. _gАлла Казимировна |
|
| 801 | 0 |
_aRU _bРГБ _c20150921 _gRCR |
|
| 942 | _cBOOK | ||
| 980 | _aNB | ||
| 980 | _aNB | ||
| 980 | _aNBR | ||